Statistiques concernant Quiz sur la Dominique

Cliquez ici pour prendre le quiz!

Statistiques générales

  • Ce quiz a été pris 1 674 fois
  • Le résultat moyen est 10 sur 16

Statistiques - réponses

QuestionRéponse% Correct
Mer qui borde la DominiqueMer des Caraïbes
97%
Langue officielleAnglais
96%
Département français situé au sud de la DominiqueMartinique
93%
Département français situé au nord de la DominiqueGuadeloupe
91%
Celui-ci fait partie de ce groupe d'îlesPetites {Antilles}
91%
Devise monétaireDollar
88%
Fruit qui représente 39% des exportations totales du paysBanane
81%
La Dominique et le Nicaragua sont les seuls pays à avoir cette couleur sur leur drapeauViolet
70%
Capitale et plus grande villeRoseau
66%
Type d'oiseau qui figure sur le drapeau nationalPerroquet
56%
Archipel auquel la Dominique appartientÎles du {Vent}
48%
Nom donné aux 10 régions qui subdivisent la DominiqueP{aroisses}
39%
16% des revenus du gouvernement proviennent de la vente de ____ à de riches étrangersPasseports
25%
La Dominique est le pays où vous auriez le plus de chances de voir ce mammifère marinCachalot
23%
Boiling Lake est la deuxième plus grande ____ ____ du monde, devant celle de YellowstoneSource chaude
23%
Ce territoire de 15 km², peuplé de 2500 individus, regroupe la plupart des indigènes
qui peuplaient les Caraïbes et une partie de l'Amérique du Sud avant 1492
Territoire K{alinago}
16%

Distribution des résultats

Percentile par nombre de réponses

% des personnes avec chaque résultat

Votre développement - résultats

Vous n’avez pas pris ce quiz